Hitopadeza o provechosa enseñanza : (Record no. 26299)

MARC details
000 -LEADER
campo de control de longitud fija 00949nam a2200241 i 4500
001 - NÚMERO DE CONTROL
campo de control 26299
003 - IDENTIFICADOR DE NÚMERO DE CONTROL
campo de control ES-MaACL
005 - FECHA Y HORA DE LA ÚLTIMA TRANSACCIÓN
campo de control 20240701115358.0
007 - CAMPO FIJO DE DESCRIPCIÓN FÍSICA--INFORMACIÓN GENERAL
campo de control de longitud fija t|
008 - DATOS DE LONGITUD FIJA--INFORMACIÓN GENERAL
campo de control de longitud fija 030108s1895 sp ||||1| spa d
080 ## - NÚMERO DE LA CLASIFICACIÓN DECIMAL UNIVERSAL
Número de la Clasificación Decimal Universal 821.211-34
130 0# - ENTRADA PRINCIPAL--TÍTULO UNIFORME
Título uniforme Hitopadesa.
Lenguaje de la obra Español.
9 (RLIN) 159825
245 10 - MENCIÓN DEL TÍTULO
Título Hitopadeza o provechosa enseñanza :
Resto del título colección de fábulas, cuentos y apólogos /
Mención de responsabilidad, etc. traducida del sanscrito por José Alemany y Bolufer ; con un prólogo del Dr. D. Pedro Roca y López.
260 ## - PUBLICACIÓN, DISTRIBUCIÓN, ETC.
Lugar de publicación, distribución, etc. Granada :
Nombre del editor, distribuidor, etc. [s.n.,
Fecha de publicación, distribución, etc. 1895] (
Fabricante Paulino V. Sabatel)
300 ## - DESCRIPCIÓN FÍSICA
Extensión CXIV, 412 p. ;
Dimensiones 15 cm.
504 ## - NOTA DE BIBLIOGRAFÍA, ETC.
Nota de bibliografía, etc. Incluye referencias bibliográficas.
530 ## - NOTA DISPONIBLE DE FORMULARIO FÍSICO ADICIONAL
Nota de formato físico adicional disponible Disponible en formato digital.
700 1# - ENTRADA AGREGADA--NOMBRE PERSONAL
Nombre de persona Alemany y Bolufer, José.
9 (RLIN) 19738
700 1# - ENTRADA AGREGADA--NOMBRE PERSONAL
Nombre de persona Roca y López, Pedro,
Fechas asociadas al nombre 1865-1903
9 (RLIN) 159826
852 ## - LOCALIZACIÓN
Ubicación ES-MaACL
Número de control de estantería G-10585
856 ## - LOCALIZACIÓN Y ACCESO ELECTRÓNICOS
Identificador Uniforme de Recursos <a href="http://bdh-rd.bne.es/viewer.vm?id=0000187635&page=1 ">http://bdh-rd.bne.es/viewer.vm?id=0000187635&page=1 </a>
Nota pública Biblioteca Digital Hispánica
Holdings
Estatus retirado Estado de pérdida Estado de daño No para préstamo Colección Biblioteca de origen Biblioteca actual Ubicación en estantería Fecha de adquisición Fuente de adquisición Total de préstamos Signatura topográfica completa Código de barras Visto por última vez Precio de reemplazo Tipo de ítem Koha
        Colección digital Biblioteca del Ateneo de Madrid Biblioteca del Ateneo de Madrid Sala Pecera Planta 3 17/01/2008     G-10585 1027140 23/02/2023 23/02/2023 Libro impreso antiguo